| 000 | 00391 a2200157 4500 | ||
|---|---|---|---|
| 003 | Nust | ||
| 005 | 20170207153550.0 | ||
| 040 | _cNust | ||
| 082 | _a005.1 | ||
| 100 | _aMalik, Mansoor MSCS | ||
| 245 |
_aDesign & Development of Training Simulator For Antitank Guided Missile & Tank FIRING _cMansoor Malik |
||
| 260 | _bMCS | ||
| 300 | _a78:p | ||
| 538 | _aT2 and Shelf No 1 | ||
| 650 | _aThesis | ||
| 942 | _cTHS | ||
| 999 |
_c188797 _d188797 |
||